Die Fasten / 1 Einleitung. Text und Übersetzung

Saved in:  
Bibliographic Details
Main Author: Ovidius Naso, Publius 43 v.Chr.-17 (Author)
Format: Print Book
Language:Latin
German
Subito Delivery Service: Order now.
Check availability: HBZ Gateway
WorldCat: WorldCat
Interlibrary Loan:Interlibrary Loan for the Fachinformationsdienste (Specialized Information Services in Germany)
Published: Heidelberg Winter 1957
In: Die Fasten
Year: 1957

MARC

LEADER 00000cam a2200000 cc4500
001 1091511500
003 DE-627
005 20240425204129.0
007 tu
008 900905s1957 xx ||||| 00| ||lat c
035 |a (DE-627)1091511500 
035 |a (DE-576)021511500 
035 |a (DE-599)BSZ021511500 
035 |a (OCoLC)311319851 
040 |a DE-627  |b ger  |c DE-627  |e rakwb 
041 |a lat  |a ger 
084 |a 1  |2 ssgn 
084 |a FX 191200  |2 rvk  |0 (DE-625)rvk/35169:11781 
084 |a NH 4197  |2 rvk  |0 (DE-625)rvk/125633:240 
084 |a NH 4196  |2 rvk  |0 (DE-625)rvk/125633:239 
100 1 |0 (DE-588)118590995  |0 (DE-627)133851699  |0 (DE-576)162461623  |4 aut  |a Ovidius Naso, Publius  |d 43 v.Chr.-17 
245 1 4 |a Die Fasten  |n 1  |p Einleitung. Text und Übersetzung  |c P. Ovidius Naso. Hrsg., übers. u. komm. von Franz Bömer 
264 1 |a Heidelberg  |b Winter  |c 1957 
300 |a 299 S. 
336 |a Text  |b txt  |2 rdacontent 
337 |a ohne Hilfsmittel zu benutzen  |b n  |2 rdamedia 
338 |a Band  |b nc  |2 rdacarrier 
583 1 |a Archivierung/Langzeitarchivierung gewährleistet  |f PEBW  |x XA-DE-BW  |2 pdager  |5 DE-31 
583 1 |a Archivierung/Langzeitarchivierung gewährleistet  |f SSG  |x XA-DE-BW  |2 pdager  |5 DE-21 
601 |a Einleitung 
601 |a Übersetzung 
773 1 8 |a Die Fasten  |w (DE-627)1091511454  |w (DE-576)021511454  |g 1  |q 1  |7 nnam 
935 |a mteo 
936 r v |a FX 191200  |b Gesamtausgaben  |k Klassische Philologie. Byzantinistik. Mittellateinische und Neugriechische Philologie. Neulatein  |k Lateinische Autoren und Inschriften der Antike  |k Lateinische Autoren und Anonyma  |k Klassik, Zeit Ciceros  |k Ovidius Naso, Publius (43 v.Chr. - 17 n.Chr.)  |k Fasti  |k Gesamtausgaben  |0 (DE-627)1270823450  |0 (DE-625)rvk/35169:11781  |0 (DE-576)200823450 
936 r v |a NH 4197  |b Übersetzungen  |k Geschichte  |k Griechisch-römische Geschichte  |k Griechische und lateinische Schriftsteller (Inschriften bei ND 4200 ff)  |k Lateinische Schriftsteller  |k Schriftsteller O  |k Ovidius Naso, Publius  |k Übersetzungen  |0 (DE-627)1272146715  |0 (DE-625)rvk/125633:240  |0 (DE-576)202146715 
936 r v |a NH 4196  |b Einzelausgaben  |k Geschichte  |k Griechisch-römische Geschichte  |k Griechische und lateinische Schriftsteller (Inschriften bei ND 4200 ff)  |k Lateinische Schriftsteller  |k Schriftsteller O  |k Ovidius Naso, Publius  |k Einzelausgaben  |0 (DE-627)1272146707  |0 (DE-625)rvk/125633:239  |0 (DE-576)202146707 
951 |a MV 
ELC |b 1 
ITA |a 1  |t 1 
LOK |0 000 xxxxxcx a22 zn 4500 
LOK |0 001 2150347873 
LOK |0 003 DE-627 
LOK |0 004 1091511500 
LOK |0 005 20091224230705 
LOK |0 008 940722||||||||||||||||ger||||||| 
LOK |0 040   |a DE-21  |c DE-627  |d DE-21 
LOK |0 852   |a DE-21 
LOK |0 852 1  |c Ce 1555 b-1  |m p  |9 00 
LOK |0 852 2  |b LS  |9 00 
LOK |0 852 1  |c klalt G 197  |9 01 
LOK |0 935   |a alls  |a konv 
LOK |0 938   |k p 
LOK |0 939   |a 22-07-94  |b l01 
LOK |0 000 xxxxxcx a22 zn 4500 
LOK |0 001 215034789X 
LOK |0 003 DE-627 
LOK |0 004 1091511500 
LOK |0 005 20231120070908 
LOK |0 008 970127||||||||||||||||ger||||||| 
LOK |0 040   |a DE-21-31  |c DE-627  |d DE-21-31 
LOK |0 541   |e 39093 
LOK |0 852   |a DE-21-31 
LOK |0 852 1  |c Cn I 700:7-1  |m p  |9 00 
LOK |0 938   |k p 
LOK |0 939   |a 27-01-97  |b l01 
LOK |0 000 xxxxxcx a22 zn 4500 
LOK |0 001 2150347911 
LOK |0 003 DE-627 
LOK |0 004 1091511500 
LOK |0 005 20100407115927 
LOK |0 008 030523||||||||||||||||ger||||||| 
LOK |0 040   |a DE-21-45  |c DE-627  |d DE-21-45 
LOK |0 541   |e 6748 
LOK |0 852   |a DE-21-45 
LOK |0 852 1  |c B OV 1820-1  |m p  |9 00 
LOK |0 935   |a i045  |a k045 
LOK |0 938   |k p 
LOK |0 939   |a 23-05-03  |b l01 
LOK |0 000 xxxxxcx a22 zn 4500 
LOK |0 001 2736771494 
LOK |0 003 DE-627 
LOK |0 004 1091511500 
LOK |0 005 20130131153711 
LOK |0 008 130131||||||||||||||||ger||||||| 
LOK |0 040   |a DE-21-45  |c DE-627  |d DE-21-45 
LOK |0 541   |e 30483 
LOK |0 852   |a DE-21-45 
LOK |0 852 1  |c B OV 1820 a-1  |m p  |9 00 
LOK |0 935   |a k045  |a i045 
LOK |0 938   |k p 
LOK |0 939   |a 31-01-13  |b l02 
LOK |0 000 xxxxxcx a22 zn 4500 
LOK |0 001 2526064643 
LOK |0 003 DE-627 
LOK |0 004 1091511500 
LOK |0 005 20070131142939 
LOK |0 008 070131||||||||||||||||ger||||||| 
LOK |0 040   |a DE-21-11  |c DE-627  |d DE-21-11 
LOK |0 541   |e K8792 
LOK |0 852   |a DE-21-11 
LOK |0 852 1  |c KLA U Ovid 2-1  |m p  |9 00 
LOK |0 935   |a k011  |a kneu  |a klar 
LOK |0 938   |k p 
LOK |0 939   |a 31-01-07  |b l01 
LOK |0 000 xxxxxcx a22 zn 4500 
LOK |0 001 2552769306 
LOK |0 003 DE-627 
LOK |0 004 1091511500 
LOK |0 005 20071008095601 
LOK |0 008 071008||||||||||||||||ger||||||| 
LOK |0 040   |a DE-21-32a  |c DE-627  |d DE-21-32a 
LOK |0 541   |e 10467-1 
LOK |0 852   |a DE-21-32a 
LOK |0 852 1  |c B Ovid 70-1  |m p  |9 00 
LOK |0 935   |a k32a  |a i32a  |a kneu 
LOK |0 938   |k p 
LOK |0 939   |a 08-10-07  |b l01 
ORI |a SA-MARC-ixtheoa001.raw